00950nam a2200265 a 4500008004100000020001900041040002500060041001300085044001100098080001800109080001000127100002500137245015100162260002900313300002700342490002700369500005000396650003200446700002400478700003300502760002700535958000800562999001700570952009700587000210s1999 a yxo a r 0 slo c a8071349771c20 aSNKbslocSNKeAACR21 asloheng axocSK a159.922:173.1 a173.11 aWhyman, Matthew4aut10aRozvod a odlúčeniebako zvládnuť rozchod rodičovcnapísal Matthew Whyman ; ilustroval Harry Venning ; [preklad Zuzana Višňovská] aBratislavabEGMONTc1999 a144 s.bilustr.c20 cm1 aChceš vedieť viac? aÚdaj o prekl. prevzatý z rubu tit. strany07arozvod (soc.)xúvahy2SNK1 aVenning, Harry4ill1 aVišňovská, Zuzana4trl1 tChceš vedieť viac? aAPP c19864d19864 001040708Ka10000b10000d2019-11-29g20.00i18 350oI 1554r2019-11-29w2019-11-29yOLDO